| 000 | 01427nam a22002657a 4500 | ||
|---|---|---|---|
| 005 | 20140303150521.0 | ||
| 008 | 140228b xxu||||| |||| 00| 0 hin d | ||
| 010 | _aHIN-101791 HN-74137 | ||
| 020 |
_a8186877436 _c310.00 |
||
| 035 | _aHN-74137 | ||
| 037 | _bDBAD / PUB | ||
| 037 | _bयू.बी.एच. | ||
| 040 |
_aDPL _bHN |
||
| 082 | _a000 | ||
| 100 | _aआर. गुप्ता | ||
| 245 |
_aआर.गुप्ता कृत पॉपुलर मास्टर गाइड ,यू.जी.सी-नैट/जूनियर रिसर्च फेलोशिप तथा लेक्चरशिप परीक्षा : _cडाँ. एम.एस.अंसारी _bपेपर I , शिक्षण एवं शोध अभियोग्यता / |
||
| 246 | _a | ||
| 260 |
_aनई दिल्ली _bरमेश पब्लिशिंग हाउस _c2013 |
||
| 270 |
_a12-एच, न्यू दरियागंज रोड.(ट्रेफिक कोतवाली के सामने) _bनई दिल्ली _e110 002 _k23275124 , 23275224 _l011-23275124 _minfo@rameshpublishinghouse.com |
||
| 300 |
_aवि. पृ. _c24 सेमी (अजिल्द) |
||
| 650 |
_aसामान्य ज्ञान _942398 |
||
| 650 |
_aGeneral knowledge _942399 |
||
| 942 |
_2ddc _cHN _mगुप्ताआ _h000 |
||
| 999 |
_c74139 _d74139 |
||